000
00357nam a22001217a 4500
040
_c
HS
082
_a
613
100
_a
គួួយ សុផល
245
_a
រុក្ខជាតិចង្រៃសំខាន់ៗនៅកម្ពុជា major weeds in cambodia
260
_a
RUA
_b
គួយ សុផល
_c
1994
300
_a
259p.
942
_c
KB
999
_c
8718
_d
8718